Χώρες του Κόσμου - Τυφλή Πληκτρολόγηση Χωρίς Επαναλήψεις - Statistics

General Stats
  • This quiz has been taken 109 times
  • The average score is 43 of 196
Answer Stats
Χώρα % Correct
Ηνωμένες Πολιτείες
66%
Καναδάς
59%
Μεξικό
59%
Γαλλία
51%
Ελλάδα
51%
Κόστα Ρίκα
46%
Κούβα
46%
Ονδούρα
46%
Παναμάς
46%
Αγία Λουκία
44%
Βραζιλία
44%
Γερμανία
44%
Γουατεμάλα
44%
Ελ Σαλβαδόρ
44%
Νικαράγουα
44%
Αϊτή
41%
Αργεντινή
41%
Βολιβία
41%
Ηνωμένο Βασίλειο
41%
Ισπανία
41%
Κολομβία
41%
Μπελίζ
41%
Βέλγιο
39%
Βενεζουέλα
39%
Μπαχάμες
39%
Περού
39%
Ρωσία
39%
Ιρλανδία
37%
Ιταλία
37%
Ουρουγουάη
37%
Παραγουάη
37%
Πορτογαλία
37%
Άγιος Βικέντιος και Γρεναδίνες
34%
Άγιος Μαρίνος
34%
Άγιος Χριστόφορος και Νέβις
34%
Αλβανία
34%
Ισημερινός
34%
Ισλανδία
34%
Ολλανδία
34%
Ουγγαρία
34%
Σουρινάμ
34%
Χιλή
34%
Αυστρία
32%
Γουιάνα
32%
Δομινίκα
32%
Λετονία
32%
Πολωνία
32%
Σερβία
32%
Ανδόρρα
29%
Βόρεια Μακεδονία
29%
Βουλγαρία
29%
Δομινικανή Δημοκρατία
29%
Εσθονία
29%
Λευκορωσία
29%
Λιθουανία
29%
Λουξεμβούργο
29%
Μονακό
29%
Μπαρμπάντος
29%
Νορβηγία
29%
Ουκρανία
29%
Σλοβακία
29%
Σλοβενία
29%
Τζαμάικα
29%
Τρινιντάντ και Τομπάγκο
29%
Φινλανδία
29%
Αντίγκουα και Μπαρμπούντα
27%
Βοσνία και Ερζεγοβίνη
27%
Γρενάδα
27%
Δανία
27%
Ελβετία
27%
Ρουμανία
27%
Τσεχία
27%
Βατικανό
24%
Κροατία
24%
Λίχτενσταϊν
24%
Μάλτα
24%
Μαυροβούνιο
24%
Σουηδία
24%
Αλγερία
22%
Αυστραλία
22%
Κόσοβο
22%
Κύπρος
22%
Μολδαβία
22%
Τόνγκα
22%
Αίγυπτος
20%
Αρμενία
20%
Γεωργία
20%
Μαρόκο
20%
Τόγκο
20%
Αιθιοπία
17%
Γκάνα
17%
Ιαπωνία
17%
Λιβερία
17%
Λιβύη
17%
Μαυριτανία
17%
Μπενίν
17%
Νέα Ζηλανδία
17%
Σενεγάλη
17%
Φίτζι
17%
Αζερμπαϊτζάν
15%
Ακτή Ελεφαντοστού
15%
Ανγκόλα
15%
Γουινέα
15%
Ινδία
15%
Ινδονησία
15%
Κίνα
15%
Μαυρίκιος
15%
Μογγολία
15%
Ναουρού
15%
Νιγηρία
15%
Νότιο Σουδάν
15%
Παλάου
15%
Παπούα Νέα Γουινέα
15%
Σαμόα
15%
Σιέρα Λεόνε
15%
Σομαλία
15%
Σουδάν
15%
Τουρκία
15%
Τσαντ
15%
Τυνησία
15%
Φιλιππίνες
15%
Βανουάτου
12%
Γκάμπια
12%
Γουινέα-Μπισσάου
12%
Ερυθραία
12%
Ηνωμένα Αραβικά Εμιράτα
12%
Ιορδανία
12%
Ισραήλ
12%
Καμερούν
12%
Κατάρ
12%
Κεντροαφρικανική Δημοκρατία
12%
Κιριμπάτι
12%
Κομόρες
12%
Κουβέιτ
12%
Λίβανος
12%
Μαδαγασκάρη
12%
Μάλι
12%
Μπαχρέιν
12%
Μπουρκίνα Φάσο
12%
Νεπάλ
12%
Νήσοι Μάρσαλ
12%
Νήσοι Σολομώντα
12%
Νίγηρας
12%
Πακιστάν
12%
Σάο Τομέ και Πρίνσιπε
12%
Σιγκαπούρη
12%
Συρία
12%
Ταϊβάν
12%
Τζιμπουτί
12%
Τουβαλού
12%
Ανατολικό Τιμόρ
10%
Αφγανιστάν
10%
Βόρεια Κορέα
10%
Γκαμπόν
10%
Δημοκρατία του Κονγκό
10%
Ζιμπάμπουε
10%
Ιράκ
10%
Ιράν
10%
Ισημερινή Γουινέα
10%
Καζακστάν
10%
Κένυα
10%
Κιργιζία
10%
Λαϊκή Δημοκρατία του Κονγκό
10%
Μαλαισία
10%
Μαλδίβες
10%
Μοζαμβίκη
10%
Μπανγκλαντές
10%
Μποτσουάνα
10%
Μπουρούντι
10%
Μπουτάν
10%
Μπρουνέι
10%
Ναμίμπια
10%
Νότια Αφρική
10%
Νότια Κορέα
10%
Ομάν
10%
Ομόσπονδες Πολιτείες της Μικρονησίας
10%
Ουγκάντα
10%
Ουζμπεκιστάν
10%
Πράσινο Ακρωτήριο
10%
Ρουάντα
10%
Σαουδική Αραβία
10%
Σεϋχέλλες
10%
Σρι Λάνκα
10%
Τανζανία
10%
Τατζικιστάν
10%
Τουρκμενιστάν
10%
Υεμένη
10%
Εσουατίνι
7%
Ζάμπια
7%
Καμπότζη
7%
Λάος
7%
Λεσότο
7%
Μιανμάρ
7%
Ταϊλάνδη
7%
Βιετνάμ
5%
Μαλάουι
5%
No matching quizzes found
Score Distribution
Percent of People with Each Score
Percentile by Number Answered
Your Score History
You have not taken this quiz